ბათუმის შოთა რუსთაველის სახელმწიფო უნივერსიტეტის ბიბლიოთეკა

გამოყენებითი ეკოლოგიის საფუძვლები (ბიბ.ჩანაწერი № 50743)

000 -LEADER
fixed length control field 01156nam a2200253Ia 4500
001 - CONTROL NUMBER
control field 17695
003 - CONTROL NUMBER IDENTIFIER
control field GE_BSU
008 - FIXED-LENGTH DATA ELEMENTS--GENERAL INFORMATION
fixed length control field 181216s||||||||xx |||||||||||||| ||und||
020 ## - INTERNATIONAL STANDARD BOOK NUMBER
International Standard Book Number 978-9941-13-293-3
040 ## - CATALOGING SOURCE
Transcribing agency GE_BSU
080 ## - UNIVERSAL DECIMAL CLASSIFICATION NUMBER
Universal Decimal Classification number 574(075.8)
100 ## - MAIN ENTRY--PERSONAL NAME
Personal name ურუშაძე, თენგიზ, ლია მაჭავარიანი.
245 ## - TITLE STATEMENT
Title გამოყენებითი ეკოლოგიის საფუძვლები
245 ## - TITLE STATEMENT
Remainder of title სახელმძღვ.უმაღლესი სასწავლებლებისათვის;
245 ## - TITLE STATEMENT
Statement of responsibility, etc. რედ.: არნოლდ გეგეჭკორი, ნოდარ ელიზბარაშვილი ;
260 ## - PUBLICATION, DISTRIBUTION, ETC.
Place of publication, distribution, etc. [თბ.]
260 ## - PUBLICATION, DISTRIBUTION, ETC.
Name of publisher, distributor, etc. თბილ. უნ-ტის გამ-ბა
260 ## - PUBLICATION, DISTRIBUTION, ETC.
Date of publication, distribution, etc. 2013
300 ## - PHYSICAL DESCRIPTION
Extent 262 გვ. ; 24 სმ.
300 ## - PHYSICAL DESCRIPTION
Accompanying material ტერმინთა ლექსიკონი: 247-257. - ბიბლიოგრ.: გვ. 258-260.
653 ## - INDEX TERM--UNCONTROLLED
Uncontrolled term ეკოლგია
653 ## - INDEX TERM--UNCONTROLLED
Uncontrolled term ეკოლოგიური სამართალი; ბუნების დაცვა;
942 ## - ADDED ENTRY ELEMENTS (KOHA)
Koha item type წიგნი
ეგზემპლარები
Withdrawn status Lost status Damaged status Not for loan Date acquired Barcode Date last seen Price effective from Koha item type
        2018-12-17 41554 2018-12-17 2018-12-17 წიგნი